| 000 | 01501nam a22003617a 4500 | ||
|---|---|---|---|
| 003 | CHAP | ||
| 005 | 20220817044340.0 | ||
| 008 | 100524s2009 mx r 00010 spa d | ||
| 010 | _a98496 | ||
| 011 | _a99468 | ||
| 035 | _a110154 | ||
| 040 | _cCHAP | ||
| 090 | _aTesis | ||
| 100 | 1 |
_aAlcaraz Lara, Frediberto _93571 |
|
| 245 | 1 | 0 |
_aFormación de técnicos y licenciados agropecuarios para atender la problemática rural e impulsar el desarrollo regional sustentable del Estado de Puebla : _buna propuesta educativa moderna, pertinente e inovadora (2005-2011) _c/por Frediberto Alcaraz Lara |
| 260 |
_aChapingo, Méx. : _bEl autor, _c2009 |
||
| 300 |
_axxiv, 305 h. : _bilus., cuadros |
||
| 502 | _aTesis (Ph.D. en Economía Agrícola) -- UACH. División de Ciencias Económico Administrativas | ||
| 590 |
_aALEPH _b10 _c20130110 _lUCH01 _h1534 |
||
| 590 |
_aBATCH-UPD _b10 _c20130110 _lUCH01 _h1612 |
||
| 590 |
_aBATCH-UPD _b10 _c20130410 _lUCH01 _h1007 |
||
| 590 |
_aBATCH-UPD _b10 _c20130914 _lUCH01 _h1148 |
||
| 590 |
_aCONVERSION _b10 _c20130109 _lUCH01 _h1354 |
||
| 650 | 1 | 4 |
_aDesarrollo de la comunidad rural _zPuebla. _932044 |
| 650 | 1 | 4 | _aDesarrollo sustentable. |
| 650 | 1 | 4 |
_aEducación agrícola _xFormación de profesores. _935519 |
| 650 | 1 | 4 | _aEducación superior. |
| 901 | _aBK | ||
| 911 | _aen proceso | ||
| 942 | _cFOLL | ||
| 949 |
_aTesis _bBC _cTES _d33724002104959 _eTS1 _gDonaciØn _h50622 _i110154 _sb |
||
| 949 |
_aTesis _bBC _cTES _d33724002104991 _eTS2 _fc.2 _gDonaciØn _h50623 _i110154 _sb |
||
| 999 |
_c98496 _d98496 |
||